000
00323nam a2200157Ia 4500
100
_a
Uyemura/John P
650
_a
VLSI
942
_c
BK
366
_f
27
245
_a
Introduction to VLSI circuits and systems
260
_b
Wiley
_c
2002
082
_a
621.395
_b
UYE
300
_a
642
546
_a
ENGLISH
999
_c
34520
_d
34520